00227nam a2200097Ia 4500008004100000041000800041100001700049245002600066260002900092300000800121230822s1999 xx 000 0 und d aeng aNARAYAN R.K. aTHE BACHELOR OF ARTS. bINDIA THOUGHT PUB.c1999 a166